Každý krok je volba /

Hlavní autor: Nováková, Věra, 1928-2024
Další autoři: Kratochvílová, Marie, 1946-
Jazyk: Čeština
Vydáno: Praha : Torst, 2023
Vydání: Vydání první
Témata:
Fyzický popis: 239 stran : ilustrace (některé barevné), portréty, faksimile ; 21 cm
Knihy
Uloženo v:
LEADER 01791cam a2200505 i 4500
001 nkc20243581868
003 CZ PrNK
005 20240219122813.0
007 ta
008 231128s2023 xr ach e 000 0acze d
015 |a cnb003581868 
020 |a 978-80-7215-713-6  |q (brožováno) 
035 |a (OCoLC)1425861014 
040 |a KLG001  |b cze  |d BOA001  |e rda 
043 |a e-xr--- 
045 |a x2y- 
072 7 |a 75  |x Malířství  |2 Konspekt  |9 21 
072 7 |a 929  |x Biografie  |2 Konspekt  |9 8 
080 |a 75.071.1-055.2  |2 MRF 
080 |a 929  |2 MRF 
080 |a (437.3)  |2 MRF 
080 |a (0:82-94)  |2 MRF 
100 1 |a Nováková, Věra,  |d 1928-2024  |7 jn19990209603  |4 aut 
245 1 0 |a Každý krok je volba /  |c Věra Nováková ; Marie Kratochvílová (ed.) 
250 |a Vydání první 
264 1 |a Praha :  |b Torst,  |c 2023 
300 |a 239 stran :  |b ilustrace (některé barevné), portréty, faksimile ;  |c 21 cm 
336 |a text  |b txt  |2 rdacontent 
336 |a statický obraz  |b sti  |2 rdacontent 
337 |a bez média  |b n  |2 rdamedia 
338 |a svazek  |b nc  |2 rdacarrier 
504 |a Obsahuje bibliografii 
600 1 7 |a Nováková, Věra,  |d 1928-2024  |7 jn19990209603  |2 czenas 
648 7 |a 20.-21. století  |7 ch462155  |2 czenas 
650 0 7 |a malířky  |7 ph122597  |z Česko  |y 20.-21. století  |2 czenas 
650 0 9 |a women painters  |z Czechia  |y 20th-21st centuries  |2 eczenas 
655 7 |a autobiografické vzpomínky  |7 fd131854  |2 czenas 
655 9 |a autobiographical reminiscences  |2 eczenas 
700 1 |a Kratochvílová, Marie,  |d 1946-  |7 jn20000728330  |4 edt 
910 2 |a BOA001  |b 2-1521.056 
920 |a 1596798  |z KLG001 
990 |a BK 
995 |a 01 
991 |b 202402  |c NOV 
996 6 |b 2610960339  |c 2-1521.056  |l MZK  |r Sklad / do 1 hodiny  |n 1  |p p.v.  |w 001952384  |u 000010  |a 1  |e BOA001  |j MZK50  |s P